[Event "Klaipeda Sea op-A 14th"]
[Site "Klaipeda"]
[Date "2017.07.24"]
[Round "1"]
[White "Lukosius, Rimvydas"]
[Black "Vainauskas, Haroldas"]
[Result "1-0"]
[WhiteElo "1800"]
[BlackElo "1315"]
[PlyCount "61"]
[EventDate "2017.07.24"]
[EventType "swiss"]
[EventRounds "7"]
[EventCountry "LTU"]
[SourceTitle "CBM 179 Extra"]
[Source "ChessBase"]
[SourceDate "2017.08.23"]
[SourceVersion "1"]
[SourceVersionDate "2017.08.23"]
[SourceQuality "1"]

1. e4 c5 2. Nf3 g6 3. c3 Bg7 4. Bc4 Nf6 5. e5 Ng4 6. Bxf7+ Kxf7 7. Ng5+ Ke8 8. Qxg4 Bxe5 9. d4 cxd4 10. cxd4 Qc7 11. Nc3 Bf6 12. 0-0 Nc6 13. d5 Ne5 14. Qg3 h6 15. Nge4 g5 16. d6 Qd8 17. Nd5 Kf7 18. dxe7 Qa5 19. Nexf6 Ng6 20. e8Q+ Rxe8 21. Nxe8 Qxd5 22. Nc7 Qc4 23. Nxa8 Qe2 24. f4 Kg8 25. fxg5 hxg5 26. Qxg5 Qd3 27. Be3 Kg7 28. Qf6+ Kg8 29. Qf7+ Kh8 30. Qe8+ Kg7 31. Rf7# 1-0

[Event "Plunge op 37th"]
[Site "Plateliai"]
[Date "2017.07.18"]
[Round "2"]
[White "Juksta, Karolis"]
[Black "Lukosius, Rimvydas"]
[Result "1-0"]
[WhiteElo "2090"]
[BlackElo "1800"]
[PlyCount "61"]
[EventDate "2017.07.17"]
[EventType "swiss"]
[EventRounds "9"]
[EventCountry "LTU"]
[SourceTitle "EXT 2019"]
[Source "ChessBase"]
[SourceDate "2018.10.10"]
[SourceVersion "1"]
[SourceVersionDate "2018.10.10"]
[SourceQuality "1"]

1. d4 Nf6 2. c4 e6 3. Nc3 Bb4 4. f3 d5 5. a3 Bxc3+ 6. bxc3 c5 7. cxd5 exd5 8. e3 0-0 9. Bd3 Qa5 10. Bd2 c4 11. Bc2 Nc6 12. Ne2 Ne7 13. Qb1 g6 14. 0-0 Bd7 15. e4 b5 16. Bh6 Rfe8 17. Qe1 Nh5 18. Qh4 Nf5 19. exf5 Rxe2 20. fxg6 hxg6 21. Bxg6 fxg6 22. g4 Ng7 23. Qf6 Ne8 24. Qxg6+ Kh8 25. Rae1 Qb6 26. Qxb6 axb6 27. Rxe2 Rxa3 28. Re7 Bc6 29. f4 Rxc3 30. f5 Nd6 31. f6 1-0

[Event "Plunge op 37th"]
[Site "Plateliai"]
[Date "2017.07.17"]
[Round "1"]
[White "Lukosius, Rimvydas"]
[Black "Praspaliauskas, Matas"]
[Result "1-0"]
[WhiteElo "1800"]
[BlackElo "1019"]
[PlyCount "37"]
[EventDate "2017.07.17"]
[EventType "swiss"]
[EventRounds "9"]
[EventCountry "LTU"]
[SourceTitle "EXT 2019"]
[Source "ChessBase"]
[SourceDate "2018.10.10"]
[SourceVersion "1"]
[SourceVersionDate "2018.10.10"]
[SourceQuality "1"]

1. e4 d5 2. e5 Nc6 3. d4 e6 4. Nf3 Bb4+ 5. c3 Ba5 6. Bd3 Nge7 7. 0-0 0-0 8. Bxh7+ Kxh7 9. Ng5+ Kg6 10. Qg4 Nf5 11. Nxe6+ Kh7 12. Nxd8 Rxd8 13. Qh5+ Nh6 14. Bxh6 gxh6 15. Qxf7+ Kh8 16. b4 Bb6 17. Qf6+ Kh7 18. b5 Na5 19. Qxd8 1-0

[Event "Klaipeda Sea op-A 13th"]
[Site "Klaipeda"]
[Date "2016.07.29"]
[Round "5"]
[White "Lukosius, Rimvydas"]
[Black "Malinin, Yuri"]
[Result "0-1"]
[WhiteElo "1816"]
[BlackElo "2216"]
[PlyCount "70"]
[EventDate "2016.07.25"]
[EventType "swiss"]
[EventRounds "7"]
[EventCountry "LTU"]
[SourceTitle "EXT 2018"]
[Source "ChessBase"]
[SourceDate "2017.10.13"]
[SourceVersion "1"]
[SourceVersionDate "2017.10.13"]
[SourceQuality "1"]

1. e4 c5 2. Nf3 Nc6 3. d4 cxd4 4. Nxd4 Nf6 5. Nc3 d6 6. Be2 g6 7. Nxc6 bxc6 8. e5 dxe5 9. Qxd8+ Kxd8 10. Bg5 Kc7 11. Bc4 Bg7 12. 0-0 Rf8 13. Rfe1 h6 14. Bd2 Nd7 15. Na4 Nb6 16. Ba5 Bf5 17. c3 Rad8 18. f3 h5 19. Nc5 e6 20. Ba6 g5 21. Nb7 Rb8 22. Rad1 Rxb7 23. Bb4 Re8 24. Bd6+ Kc8 25. c4 f6 26. Re3 Bf8 27. c5 Na4 28. Bxf8 Rxf8 29. Bxb7+ Kxb7 30. Rd7+ Ka6 31. Ra3 Kb5 32. Rb7+ Kxc5 33. Rxa4 Rd8 34. Ra5+ Kd4 35. b3 Kd3 0-1

[Event "Klaipeda Sea op-A 13th"]
[Site "Klaipeda"]
[Date "2016.07.27"]
[Round "3"]
[White "Jablokov, Dmitrij"]
[Black "Lukosius, Rimvydas"]
[Result "0-1"]
[WhiteElo "1799"]
[BlackElo "1816"]
[PlyCount "94"]
[EventDate "2016.07.25"]
[EventType "swiss"]
[EventRounds "7"]
[EventCountry "LTU"]
[SourceTitle "EXT 2018"]
[Source "ChessBase"]
[SourceDate "2017.10.13"]
[SourceVersion "1"]
[SourceVersionDate "2017.10.13"]
[SourceQuality "1"]

1. d4 e6 2. c4 Nf6 3. Nf3 b6 4. Bg5 Bb4+ 5. Nbd2 Bb7 6. e3 h6 7. Bxf6 gxf6 8. a3 Be7 9. Bd3 h5 10. Qc2 c5 11. 0-0-0 Qc7 12. e4 cxd4 13. Nxd4 a6 14. N2f3 Nc6 15. Nxc6 Bxc6 16. Kb1 Qf4 17. Rhe1 Rg8 18. Bf1 e5 19. Qe2 Rg4 20. Nd2 Qxh2 21. f3 Rg5 22. b4 Ba4 23. Rc1 h4 24. Qd3 h3 25. gxh3 Rg1 26. Nb3 Qf2 27. Re2 Qg3 28. Rd2 Qf4 29. Na1 Qg5 30. Nc2 a5 31. b5 Bxc2+ 32. Rcxc2 0-0-0 33. Rg2 Rxf1+ 34. Qxf1 Qe3 35. Qc1 Qxf3 36. c5 bxc5 37. Rxc5+ Kb8 38. Rc3 Qxg2 39. b6 Qxe4+ 40. Ka1 Qd4 41. Ka2 Rg8 42. Rc2 Bd6 43. b7 Kxb7 44. Rb2+ Ka7 45. Qa1 e4 46. Qe1 Qd5+ 47. Ka1 Be5 0-1

[Event "Klaipeda Sea op-A 13th"]
[Site "Klaipeda"]
[Date "2016.07.25"]
[Round "1"]
[White "Dubinenko, Konstantin"]
[Black "Lukosius, Rimvydas"]
[Result "0-1"]
[WhiteElo "1484"]
[BlackElo "1816"]
[PlyCount "62"]
[EventDate "2016.07.25"]
[EventType "swiss"]
[EventRounds "7"]
[EventCountry "LTU"]
[SourceTitle "EXT 2018"]
[Source "ChessBase"]
[SourceDate "2017.10.13"]
[SourceVersion "1"]
[SourceVersionDate "2017.10.13"]
[SourceQuality "1"]

1. e4 e5 2. Nf3 Nc6 3. Bc4 Bc5 4. Nc3 Nf6 5. d3 a6 6. Bg5 b5 7. Bb3 h6 8. Bh4 0-0 9. Nd5 g5 10. Bg3 d6 11. h4 g4 12. Nh2 Nd4 13. Nxf6+ Qxf6 14. Nxg4 Qg7 15. Nh2 Kh7 16. c3 Nxb3 17. axb3 f5 18. exf5 Bxf5 19. Kd2 e4 20. d4 Bb6 21. Qe2 c5 22. d5 e3+ 23. Qxe3 Rae8 24. Qf4 Bd7 25. Qxd6 Rf6 26. Be5 Rxe5 27. Qxe5 Rxf2+ 28. Qe2 Rxe2+ 29. Kxe2 Qxg2+ 30. Kd3 c4+ 31. bxc4 Bf5# 0-1

[Event "Plunge op 36th"]
[Site "Plateliai"]
[Date "2016.07.22"]
[Round "7"]
[White "Rastenis, Dominykas"]
[Black "Lukosius, Rimvydas"]
[Result "0-1"]
[WhiteElo "1142"]
[BlackElo "1816"]
[PlyCount "78"]
[EventDate "2016.07.18"]
[EventType "swiss"]
[EventRounds "9"]
[EventCountry "LTU"]
[SourceTitle "EXT 2018"]
[Source "ChessBase"]
[SourceDate "2017.10.13"]
[SourceVersion "1"]
[SourceVersionDate "2017.10.13"]
[SourceQuality "1"]

1. e4 d6 2. d4 g6 3. Nf3 Bg7 4. Nc3 Nf6 5. g3 c6 6. Bg2 0-0 7. 0-0 a5 8. Re1 a4 9. a3 d5 10. exd5 cxd5 11. Bg5 e6 12. Qd2 Qb6 13. Rab1 Nc6 14. Bxf6 Bxf6 15. Ne2 Bg7 16. c3 Ne7 17. Qd3 Bd7 18. Nc1 e5 19. Qd2 Bf5 20. Ra1 e4 21. Ng5 Rae8 22. Nh3 Qd6 23. Nf4 Qd7 24. Qd1 Bg4 25. f3 g5 26. fxg4 gxf4 27. gxf4 f5 28. g5 Ng6 29. Rf1 Qd6 30. Ne2 b5 31. b3 h6 32. bxa4 hxg5 33. fxg5 f4 34. Bh1 bxa4 35. Qxa4 f3 36. Ng3 Qf4 37. Qc2 Qxg5 38. Qb3 Nf4 39. Rae1 Nh3# 0-1

[Event "Plunge op 36th"]
[Site "Plateliai"]
[Date "2016.07.21"]
[Round "5"]
[White "Bucinskas, Lukas"]
[Black "Lukosius, Rimvydas"]
[Result "1-0"]
[WhiteElo "1900"]
[BlackElo "1816"]
[PlyCount "45"]
[EventDate "2016.07.18"]
[EventType "swiss"]
[EventRounds "9"]
[EventCountry "LTU"]
[SourceTitle "EXT 2018"]
[Source "ChessBase"]
[SourceDate "2017.10.13"]
[SourceVersion "1"]
[SourceVersionDate "2017.10.13"]
[SourceQuality "1"]

1. c4 e5 2. d3 d5 3. cxd5 Qxd5 4. Nc3 Qe6 5. g3 Bd7 6. Bg2 Bc6 7. Nf3 Bc5 8. 0-0 Nf6 9. e3 0-0 10. d4 exd4 11. exd4 Rd8 12. Re1 Qc4 13. Be3 Bxf3 14. Qxf3 Bf8 15. Qxb7 Na6 16. Bf1 Qb4 17. Bxa6 Qxb7 18. Bxb7 Rab8 19. Bf3 Rxb2 20. Rab1 Rb6 21. Rxb6 cxb6 22. Nb5 a6 23. Nc7 1-0

[Event "Plunge op 36th"]
[Site "Plateliai"]
[Date "2016.07.21"]
[Round "6"]
[White "Lukosius, Rimvydas"]
[Black "Staskeviciute, Darija"]
[Result "0-1"]
[WhiteElo "1816"]
[BlackElo "1361"]
[PlyCount "96"]
[EventDate "2016.07.18"]
[EventType "swiss"]
[EventRounds "9"]
[EventCountry "LTU"]
[SourceTitle "EXT 2018"]
[Source "ChessBase"]
[SourceDate "2017.10.13"]
[SourceVersion "1"]
[SourceVersionDate "2017.10.13"]
[SourceQuality "1"]

1. e4 c5 2. Nc3 Nc6 3. Nf3 e6 4. Bb5 Be7 5. 0-0 Nf6 6. e5 Ng4 7. Re1 0-0 8. h3 Nh6 9. d4 cxd4 10. Nxd4 Nxd4 11. Qxd4 Nf5 12. Qg4 f6 13. Bd3 fxe5 14. Rxe5 Bf6 15. Re1 Nd4 16. Be3 Nc6 17. Qe4 g6 18. Bh6 d5 19. Qa4 Bg7 20. Bxg7 Kxg7 21. Bb5 Qb6 22. Bxc6 bxc6 23. Nd1 Bd7 24. c3 Rae8 25. Qc2 e5 26. b4 Bf5 27. Qd2 a5 28. a3 Rf7 29. Ne3 Be6 30. Nf1 Bc8 31. Qe3 Qxe3 32. fxe3 a4 33. Nd2 Ba6 34. Rac1 Rd8 35. Nf3 Re7 36. Rcd1 Bc4 37. Rd2 Kf6 38. Kf2 Rc7 39. g4 c5 40. g5+ Ke6 41. Kg3 Rdd7 42. e4 d4 43. cxd4 cxd4 44. Rf2 Bb5 45. Nd2 Rc3+ 46. Kg4 Rxa3 47. Rf6+ Ke7 48. Nf3 Rd6 0-1

[Event "Plunge op 36th"]
[Site "Plateliai"]
[Date "2016.07.19"]
[Round "2"]
[White "Lukosius, Rimvydas"]
[Black "Malinin, Yuri"]
[Result "0-1"]
[WhiteElo "1816"]
[BlackElo "2216"]
[PlyCount "57"]
[EventDate "2016.07.18"]
[EventType "swiss"]
[EventRounds "9"]
[EventCountry "LTU"]
[SourceTitle "EXT 2018"]
[Source "ChessBase"]
[SourceDate "2017.10.13"]
[SourceVersion "1"]
[SourceVersionDate "2017.10.13"]
[SourceQuality "1"]

1. e4 c5 2. Nf3 g6 3. d4 cxd4 4. Qxd4 Nf6 5. e5 Nc6 6. Qc3 Ne4 7. Qe3 d5 8. exd6 Nxd6 9. Qc3 e5 10. Bg5 f6 11. Be3 Be6 12. Nbd2 Rc8 13. Bc5 Na5 14. b4 b6 15. Qa3 bxc5 16. bxa5 c4 17. Rd1 Kf7 18. Qa4 Rc5 19. Ne4 Rxa5 20. Qc6 Rxa2 21. Nxd6+ Bxd6 22. Rxd6 Ra1+ 23. Ke2 Qe7 24. Rxe6 Qxe6 25. Qc7+ Qe7 26. Qxc4+ Kg7 27. g4 Qd7 28. Bg2 Ra4 29. Qb3 0-1

[Event "Plunge op 36th"]
[Site "Plateliai"]
[Date "2016.07.19"]
[Round "3"]
[White "Maciuitis, Ignas"]
[Black "Lukosius, Rimvydas"]
[Result "0-1"]
[WhiteElo "1570"]
[BlackElo "1816"]
[PlyCount "26"]
[EventDate "2016.07.18"]
[EventType "swiss"]
[EventRounds "9"]
[EventCountry "LTU"]
[SourceTitle "EXT 2018"]
[Source "ChessBase"]
[SourceDate "2017.10.13"]
[SourceVersion "1"]
[SourceVersionDate "2017.10.13"]
[SourceQuality "1"]

1. e4 e5 2. Nf3 Nc6 3. Bc4 Nf6 4. Ng5 d5 5. exd5 Na5 6. Bb5+ c6 7. dxc6 bxc6 8. Bd3 Ng4 9. Ne4 f5 10. Ng3 Bc5 11. 0-0 Qh4 12. h3 Nxf2 13. Qf3 Nxh3+ 0-1

[Event "Klaipeda Boksto op"]
[Site "Klaipeda"]
[Date "2016.05.29"]
[Round "8"]
[White "Lukosius, Rimvydas"]
[Black "Gluchaciov, Nikolaj"]
[Result "1-0"]
[WhiteElo "1837"]
[BlackElo "1788"]
[PlyCount "71"]
[EventDate "2016.04.10"]
[EventType "swiss"]
[EventRounds "8"]
[EventCountry "LTU"]
[SourceTitle "CBM 172 Extra"]
[Source "ChessBase"]
[SourceDate "2016.06.21"]
[SourceVersion "1"]
[SourceVersionDate "2016.06.21"]
[SourceQuality "1"]

1. e4 g6 2. d4 Bg7 3. Nf3 d6 4. Nc3 c6 5. Be2 Nf6 6. h3 0-0 7. 0-0 b5 8. e5 Ne8 9. Bf4 b4 10. Na4 Nc7 11. exd6 exd6 12. c4 Ne6 13. Be3 d5 14. Rc1 Nd7 15. cxd5 cxd5 16. Qb3 Qa5 17. Rfd1 Rb8 18. Ng5 Nb6 19. Nxe6 Bxe6 20. Nc5 Nd7 21. Nxd7 Bxd7 22. Rc5 Qb6 23. Bf3 a5 24. Bxd5 a4 25. Qd3 Rfe8 26. Qc4 Qf6 27. Bg5 Qxg5 28. Bxf7+ Kh8 29. Rxg5 Rec8 30. Rc5 Rf8 31. Rc7 Bb5 32. Qc5 Ba6 33. Qe7 Rbc8 34. Rxc8 Bxc8 35. Rc1 Bxd4 36. Qxf8# 1-0

[Event "Klaipeda Sea op-A 12th"]
[Site "Klaipeda"]
[Date "2015.07.29"]
[Round "3"]
[White "Pocius, Vaclovas"]
[Black "Lukosius, Rimvydas"]
[Result "0-1"]
[WhiteElo "1710"]
[BlackElo "1826"]
[PlyCount "92"]
[EventDate "2015.07.27"]
[EventType "swiss"]
[EventRounds "7"]
[EventCountry "LTU"]
[SourceTitle "CBM 167 Extra"]
[Source "ChessBase"]
[SourceDate "2015.09.14"]
[SourceVersion "1"]
[SourceVersionDate "2015.09.14"]
[SourceQuality "1"]

1. f4 Nf6 2. b3 Nc6 3. Nf3 d5 4. Bb2 e6 5. e3 Be7 6. Bb5 0-0 7. 0-0 Nb8 8. Ne5 c5 9. Rf3 a6 10. Bf1 Nbd7 11. Rh3 g6 12. g4 Nxe5 13. Bxe5 Nd7 14. Bc3 Bf6 15. g5 Bxc3 16. Nxc3 f5 17. d4 b6 18. Rg3 Qc7 19. Ne2 Bb7 20. h4 Rae8 21. h5 Kf7 22. Rh3 Rh8 23. Rc1 Reg8 24. Qe1 Qd8 25. h6 Re8 26. Qc3 Rhg8 27. a4 Qc7 28. Kf2 Rc8 29. Kg3 Ke7 30. Rh2 Qd6 31. dxc5 bxc5 32. Bg2 e5 33. Rd1 d4 34. Qd2 Bxg2 35. Rxg2 Rgd8 36. c3 Nb6 37. cxd4 cxd4 38. exd4 e4 39. Nc3 Qb4 40. Nb1 Qxb3+ 41. Kh2 Nc4 42. Qe1 Ne3 43. Rg3 Qxd1 44. Qb4+ Rd6 45. Nc3 Qd2+ 46. Kh3 Qxc3 0-1

[Event "Plunge op 35th"]
[Site "Plateliai"]
[Date "2015.07.25"]
[Round "8"]
[White "Lukosius, Rimvydas"]
[Black "Liutvinas, Rokas"]
[Result "1-0"]
[WhiteElo "1826"]
[BlackElo "1443"]
[PlyCount "39"]
[EventDate "2015.07.20"]
[EventType "swiss"]
[EventRounds "9"]
[EventCountry "LTU"]
[SourceTitle "EXT 2018"]
[Source "ChessBase"]
[SourceDate "2017.10.13"]
[SourceVersion "1"]
[SourceVersionDate "2017.10.13"]
[SourceQuality "1"]

1. e4 d6 2. d4 g6 3. Nf3 Bg7 4. Nc3 Nd7 5. Be2 c5 6. 0-0 cxd4 7. Nxd4 Qb6 8. Ndb5 a6 9. Nd5 Qc6 10. Nbc7+ Kf8 11. Nxa8 e6 12. Nb4 Qc5 13. c3 Ke7 14. Be3 Qa5 15. f4 Bf8 16. Bf3 Ke8 17. f5 e5 18. Nd5 gxf5 19. b4 Qa3 20. Bc1 1-0

[Event "Plunge op 35th"]
[Site "Plateliai"]
[Date "2015.07.22"]
[Round "4"]
[White "Lukosius, Rimvydas"]
[Black "Liandzbergas, Mykolas"]
[Result "1-0"]
[WhiteElo "1826"]
[BlackElo "1321"]
[PlyCount "57"]
[EventDate "2015.07.20"]
[EventType "swiss"]
[EventRounds "9"]
[EventCountry "LTU"]
[SourceTitle "EXT 2018"]
[Source "ChessBase"]
[SourceDate "2017.10.13"]
[SourceVersion "1"]
[SourceVersionDate "2017.10.13"]
[SourceQuality "1"]

1. e4 e5 2. Nf3 Nf6 3. d3 Nc6 4. c3 d5 5. Nbd2 Bd6 6. Be2 Be6 7. 0-0 0-0 8. Qc2 dxe4 9. dxe4 Qe7 10. Nc4 Rad8 11. Nxd6 Rxd6 12. b4 a6 13. a4 Ra8 14. Ba3 b5 15. axb5 axb5 16. Bxb5 Qe8 17. Be2 Rdd8 18. b5 Na5 19. c4 Nb7 20. Nxe5 Nd6 21. Nc6 Rd7 22. e5 Bf5 23. Qb2 Nxc4 24. Bxc4 Ne4 25. Rad1 Rxd1 26. Rxd1 Kh8 27. h4 Be6 28. Bxe6 Qxe6 29. Qd4 1-0

[Event "Plunge op 34th"]
[Site "Plateliai"]
[Date "2014.07.15"]
[Round "3"]
[White "Lukosius, Rimvydas"]
[Black "Meskenaite, Rugile"]
[Result "1-0"]
[WhiteElo "1841"]
[BlackElo "1564"]
[PlyCount "41"]
[EventDate "2014.07.14"]
[EventType "swiss"]
[EventRounds "9"]
[EventCountry "LTU"]
[SourceTitle "EXT 2015"]
[Source "ChessBase"]
[SourceDate "2014.11.20"]
[SourceVersion "1"]
[SourceVersionDate "2014.11.20"]
[SourceQuality "1"]

1. e4 e5 2. Nf3 Nc6 3. Bb5 a6 4. Ba4 Nf6 5. 0-0 b5 6. Bb3 d6 7. Ng5 d5 8. exd5 Nxd5 9. Nxf7 Kxf7 10. Qf3+ Ke6 11. Nc3 Nce7 12. d4 c6 13. Re1 Kd6 14. Rxe5 Nxc3 15. Bf4 Kd7 16. bxc3 Bb7 17. Be6+ Ke8 18. Bg3 Qa5 19. Rae1 Qa3 20. Qf7+ Kd8 21. Bf5 1-0

[Event "Klaipeda Boksto op"]
[Site "Klaipeda"]
[Date "2014.04.27"]
[Round "5"]
[White "Januseviciute, Donata"]
[Black "Lukosius, Rimvydas"]
[Result "0-1"]
[WhiteElo "1723"]
[BlackElo "1836"]
[PlyCount "104"]
[EventDate "2014.04.12"]
[EventType "swiss"]
[EventRounds "9"]
[EventCountry "LTU"]
[SourceTitle "EXT 2016"]
[Source "ChessBase"]
[SourceDate "2015.10.08"]
[SourceVersion "1"]
[SourceVersionDate "2015.10.08"]
[SourceQuality "1"]

1. d4 Nf6 2. c4 g6 3. Nc3 d5 4. e3 Bg7 5. Nf3 0-0 6. Qb3 e6 7. Be2 Nc6 8. Ne5 Nxe5 9. dxe5 Ne4 10. cxd5 Nxc3 11. Qxc3 Qxd5 12. Bf3 Qxe5 13. Qb3 Rd8 14. 0-0 a5 15. a4 Ra6 16. Rb1 Rb6 17. Qc2 c5 18. b3 Qc3 19. Qa2 Rbd6 20. Qe2 Qd3 21. Ba3 Qxe2 22. Bxe2 b6 23. Bc1 Bb7 24. f3 Bc3 25. Kf2 f5 26. Bb2 Bxb2 27. Rxb2 Kf7 28. Rc1 g5 29. g3 h5 30. f4 g4 31. Ke1 h4 32. Rd1 Rxd1+ 33. Bxd1 hxg3 34. hxg3 Rh8 35. Rd2 Ke7 36. Bc2 Bf3 37. Bd3 Bb7 38. Bb5 Rh1+ 39. Kf2 Bd5 40. Rd3 Rh2+ 41. Kf1 Rb2 42. e4 fxe4 43. Re3 Rxb3 44. Kf2 c4 45. Ke2 Rb2+ 46. Kd1 Kd6 47. Kc1 Rg2 48. Rc3 Kc5 49. Ra3 Kd4 50. Bd7 c3 51. f5 exf5 52. Bxf5 Rxg3 0-1

[Event "Klaipeda Boksto op"]
[Site "Klaipeda"]
[Date "2014.04.13"]
[Round "2"]
[White "Jablokov, Dmitrij"]
[Black "Lukosius, Rimvydas"]
[Result "0-1"]
[WhiteElo "1487"]
[BlackElo "1836"]
[PlyCount "70"]
[EventDate "2014.04.12"]
[EventType "swiss"]
[EventRounds "9"]
[EventCountry "LTU"]
[SourceTitle "EXT 2016"]
[Source "ChessBase"]
[SourceDate "2015.10.08"]
[SourceVersion "1"]
[SourceVersionDate "2015.10.08"]
[SourceQuality "1"]

1. d4 Nf6 2. e3 e6 3. Bd3 c5 4. c3 b6 5. f4 Bb7 6. Nf3 Nc6 7. 0-0 cxd4 8. exd4 g6 9. Bd2 Bg7 10. Be1 Nd5 11. Bh4 Qc7 12. Qb3 Qxf4 13. Bg5 Qc7 14. Nbd2 0-0 15. Qa3 h6 16. Bh4 f5 17. Nc4 g5 18. Bg3 f4 19. Bf2 g4 20. Nfd2 b5 21. Nd6 b4 22. Qb3 Qxd6 23. Ne4 Qc7 24. Nc5 Rab8 25. Rae1 bxc3 26. bxc3 g3 27. hxg3 Bc8 28. Qc2 fxg3 29. Be3 Rxf1+ 30. Bxf1 d6 31. Ne4 Nxe3 32. Rxe3 Nxd4 33. Qd2 Nf5 34. Re1 d5 35. Nxg3 Qxg3 0-1

[Event "Palanga op"]
[Site "Palanga"]
[Date "2013.06.22"]
[Round "9"]
[White "Lukosius, Rimvydas"]
[Black "Stepovojs, Viktors"]
[Result "1/2-1/2"]
[WhiteElo "1872"]
[BlackElo "1738"]
[PlyCount "21"]
[EventDate "2013.06.17"]
[EventType "swiss"]
[EventRounds "9"]
[EventCountry "LTU"]
[SourceTitle "EXT 2014"]
[Source "ChessBase"]
[SourceDate "2013.11.20"]
[SourceVersion "1"]
[SourceVersionDate "2013.11.20"]
[SourceQuality "1"]

1. e4 c5 2. Nf3 e6 3. d4 cxd4 4. Nxd4 Nf6 5. Bd3 Nc6 6. c3 d5 7. Bb5 Bd7 8. exd5 Nxd5 9. Nxc6 Bxc6 10. Bxc6+ bxc6 11. Qa4 1/2-1/2

[Event "Baltija Cup"]
[Site "Palanga"]
[Date "2012.06.22"]
[Round "6"]
[White "Kalvaitis, Sigitas"]
[Black "Lukosius, Rimvydas"]
[Result "1-0"]
[WhiteElo "2276"]
[BlackElo "1860"]
[PlyCount "59"]
[EventDate "2012.06.19"]
[EventType "swiss"]
[EventRounds "8"]
[EventCountry "LTU"]
[SourceTitle "CBM 149 Extra"]
[Source "ChessBase"]
[SourceDate "2012.08.24"]
[SourceVersion "1"]
[SourceVersionDate "2012.08.24"]
[SourceQuality "1"]

1. e4 e6 2. d4 d5 3. Nc3 Nf6 4. Bg5 Be7 5. e5 Nfd7 6. h4 f6 7. Qh5+ g6 8. exf6 Nxf6 9. Qd1 Nh5 10. Nh3 Bxg5 11. hxg5 0-0 12. Qd2 c5 13. dxc5 Qe7 14. 0-0-0 Bd7 15. Be2 Ng7 16. g3 Qxc5 17. Rh2 Bc6 18. f4 b5 19. Nf2 b4 20. Nb1 Nd7 21. Bf3 a5 22. Rdh1 Nh5 23. Bxh5 gxh5 24. Rxh5 d4 25. R1h2 Rf7 26. g6 Rf5 27. Rxh7 Nf8 28. g4 Rf6 29. Rh8+ Kg7 30. f5 1-0